| 000 | 01138cam a2200301 4500 | ||
|---|---|---|---|
| 008 | 090401t1999 xxu||||| |||| 00| 0 eng d | ||
| 020 | _a0632041358 | ||
| 035 | _a(Sirsi) u80831 | ||
| 041 | _aeng | ||
| 050 | _a344.410465 | ||
| 100 | _aSummerhayes, Stuart | ||
| 245 | _aCDM regulations procedures manual. | ||
| 260 |
_aOxford _bBlackwell Science _c1999 |
||
| 300 | _avi,154p. ; 30cm. | ||
| 350 | _a37.5 | ||
| 520 | _aThe manual provides flow charts, checklists and sample documents for clients, planning supervisors, designers, principle contractors and other contractors, which can be used as a documentary record as well as a control document for quality assurance. SUPERSEDED BY 2ND EDITION 2002 (isbn 1405107405) | ||
| 650 | _aCONSTRUCTION (DESIGN AND MANAGEMENT) REGULATIONS 1994 | ||
| 650 | _aCLIENTS | ||
| 650 | _aCONSTRUCTION (DESIGN AND MANAGEMENT) REGULATIONS 1994 | ||
| 650 | _aCONSTRUCTION SITES | ||
| 650 | _aCONTRACTORS | ||
| 650 | _aDESIGNERS | ||
| 650 | _aPLANNING SUPERVISORS | ||
| 650 | _aRISK ASSESSMENT | ||
| 690 | _aBUILT ENVIRONMENT-BUILDING STANDARDS | ||
| 942 | _n0 | ||
| 948 | _c12/09/1997 | ||
| 999 |
_c96632 _d96632 |
||